000
00315nam a22001217a 4500
008
240615b |||||||| |||| 00| 0 eng d
020
_a
0-07-463602-0
100
_a
George Kennedy & Davis Bernard
245
_a
Electronic Communication Systems
260
_a
New Delhi
_b
TMT
_c
1999
300
_a
763
942
_2
ddc
_c
BK
999
_c
20724
_d
20724